|
|
|
|
| LEADER |
00000nam a22000005a 4500 |
| 001 |
9705 |
| 003 |
CL-ChBUA |
| 005 |
20120815103212.0 |
| 008 |
070301s1971 xxu 000 0 eng |
| 040 |
|
|
|a CL-ChBUA
|c CL-ChBUA
|
| 082 |
0 |
0 |
|a 266.92
|
| 090 |
|
|
|c 9705
|d 9705
|
| 100 |
1 |
|
|a Russell, E.
|
| 245 |
1 |
0 |
|a The Kennedy explosion
|
| 260 |
|
|
|b Cook.
|c 1971.
|
| 300 |
|
|
|c 18 cm.
|
| 650 |
|
4 |
|a KENNEDY JAMES - BIOGRAFIA.
|
| 942 |
|
|
|c LIB
|
| 952 |
|
|
|0 0
|1 0
|4 0
|7 0
|9 14269
|a UNACH
|b UNACH
|c 200
|d 2007-03-05
|i 16.720.
|l 0
|o 266.92 / R 691.
|p 15268
|r 2012-12-27 00:00:00
|u 14269
|w 2012-08-08
|y LIB
|k 266.92 / R 691.
|
| 999 |
|
|
|c 9705
|d 9705
|